000 01577nam0a22002891 4500
001 rc\4219681
005 20260407180621.0
021 _aRU
_b[61-55826]
035 _a(NLR Aleph) 008457840
090 _a7850158
_c7850158
100 _a20130416d1961 |||y0rusy50 ca
101 0 _arus
102 _aRU
105 _aa z |||||
200 1 _aАвтоматизация и механизация сварочного производства
_e[Материалы совещания]
_fПод общ. ред. акад. Б.Е. Патона
_gГос. науч.-техн. ком. Совета Министров УССР. Ин-т электросварки им. Е.О. Патона. Киевское обл. правл. НТО Машпром
210 _a[Киев]
_cИн-т техн. информации
_d[1961]
215 _a176 с.
_cил.
_d20
606 _aСварка
_xАвтоматизация
_jСборники
_2psbo
606 _aСварка
_xМеханизация
_jСборники
_2psbo
702 1 _aПатон
_bБ.Е.
_gБорис Евгеньевич
_4340
712 0 2 _aИнститут технической информации
_cКиев
_3RU\NLR\AUTH\8810023921
_9545889
712 1 2 _aВсесоюзное научно-техническое совещание по комплексной механизации и автоматизации сварочного производства
_f1960
_eКиев
_3RU\NLR\AUTH\8810115010
_9729299
801 0 _aRU
_bNLR
_gpsbo
801 1 _aRU
_bELAR
_2rusmarc
852 _aNLR
_j61-3/4119
942 _cBOOK
980 _aNB